[Event "Internationa A"]
[Site "Aarhus"]
[Date "1990.??.??"]
[Round "7"]
[White "Nielsen, Jan"]
[Black "Jasnikowski, Zbigniew"]
[Result "1/2-1/2"]
[WhiteElo "2260"]
[BlackElo "2445"]
[PlyCount "61"]
[EventDate "1990.??.??"]
[EventType "tourn"]
[EventRounds "9"]
[EventCountry "DEN"]
[EventCategory "5"]
[SourceTitle "EXT 1998"]
[Source "ChessBase"]
[SourceDate "1997.11.17"]

1. e4 c5 2. Nf3 e6 3. d4 cxd4 4. Nxd4 Nf6 5. Nc3 d6 6. g4 h6 7. h4 Be7 8. g5
hxg5 9. Bxg5 Nc6 10. Qd2 d5 11. exd5 Nxd5 12. Nxc6 bxc6 13. Bxe7 Qxe7 14. Qd4
e5 15. Nxd5 cxd5 16. Qxd5 O-O 17. Qa5 Qb7 18. Rg1 Qxb2 19. Rd1 Bf5 20. Bd3 Bxd3
21. cxd3 Rac8 22. Qd2 Qxd2+ 23. Kxd2 Rfd8 24. Rg4 f5 25. Rg5 e4 26. Ke3 Rd6 27.
f3 exd3 28. Rxd3 Rxd3+ 29. Kxd3 Rc5 30. Ke3 Kf7 31. h5 1/2-1/2

[Event "Internationa A"]
[Site "Aarhus"]
[Date "1990.??.??"]
[Round "3"]
[White "Nielsen, Jan"]
[Black "Kroll, Ove"]
[Result "1-0"]
[WhiteElo "2260"]
[BlackElo "2340"]
[PlyCount "63"]
[EventDate "1990.??.??"]
[EventType "tourn"]
[EventRounds "9"]
[EventCountry "DEN"]
[EventCategory "5"]
[SourceTitle "EXT 1998"]
[Source "ChessBase"]
[SourceDate "1997.11.17"]

1. d4 d5 2. c4 c6 3. Nf3 Nf6 4. Nc3 dxc4 5. e3 b5 6. a4 b4 7. Nb1 Ba6 8. Be2 e6
9. O-O c5 10. Nbd2 Nc6 11. Nxc4 cxd4 12. exd4 Be7 13. Nce5 Bxe2 14. Qxe2 Nxe5
15. dxe5 Nd5 16. Qe4 O-O 17. h4 Rc8 18. Bg5 Re8 19. Rfd1 Qb6 20. Bxe7 Rxe7 21.
Ng5 f5 22. exf6 Nxf6 23. Rac1 Rf8 24. Qc6 h6 25. Qxb6 axb6 26. Nf3 Ra8 27. b3
Nd5 28. Rc6 Raa7 29. Ne5 g5 30. Rc8+ Kg7 31. Nc6 Nc3 32. Re1 1-0

[Event "Internationa A"]
[Site "Aarhus"]
[Date "1990.??.??"]
[Round "9"]
[White "Nielsen, Jan"]
[Black "Beaumont, Chris"]
[Result "0-1"]
[WhiteElo "2260"]
[BlackElo "2380"]
[PlyCount "49"]
[EventDate "1990.??.??"]
[EventType "tourn"]
[EventRounds "9"]
[EventCountry "DEN"]
[EventCategory "5"]
[SourceTitle "EXT 1998"]
[Source "ChessBase"]
[SourceDate "1997.11.17"]

1. e4 d6 2. d4 Nf6 3. Nc3 g6 4. Nf3 Bg7 5. h3 O-O 6. Be3 Na6 7. Qd2 c5 8. Bxa6
cxd4 9. Nxd4 bxa6 10. Bh6 Bb7 11. Bxg7 Kxg7 12. Qe3 e5 13. Nb3 Qb6 14. Qd3 Rac8
15. O-O Rfd8 16. Rfe1 a5 17. Rad1 Ba6 18. Qd2 Rc4 19. a4 Bb7 20. Qd3 Qb4 21.
Nxa5 Rd4 22. Qb5 Bxe4 23. Nxe4 Rxe4 24. Qxb4 Rxb4 25. Nc6 0-1

[Event "Internationa A"]
[Site "Aarhus"]
[Date "1990.??.??"]
[Round "5"]
[White "Nielsen, Jan"]
[Black "Rasmussen, Karsten"]
[Result "1/2-1/2"]
[WhiteElo "2260"]
[BlackElo "2440"]
[PlyCount "49"]
[EventDate "1990.??.??"]
[EventType "tourn"]
[EventRounds "9"]
[EventCountry "DEN"]
[EventCategory "5"]
[SourceTitle "EXT 1998"]
[Source "ChessBase"]
[SourceDate "1997.11.17"]

1. d4 d5 2. c4 c6 3. Nc3 Nf6 4. cxd5 cxd5 5. Bf4 a6 6. e3 Nc6 7. Bd3 e6 8. Nf3
Bd6 9. O-O Bxf4 10. exf4 Qb6 11. a3 Bd7 12. Na4 Qc7 13. g3 b5 14. Nc3 Qb6 15.
Re1 Nxd4 16. Nxd4 Qxd4 17. Bxb5 Qxd1 18. Bxd7+ Kxd7 19. Raxd1 Rab8 20. Re2 Rhc8
21. f5 Kd6 22. fxe6 fxe6 23. f4 Re8 24. Rd4 h6 25. Kf1 1/2-1/2

[Event "Internationa A"]
[Site "Aarhus"]
[Date "1990.??.??"]
[Round "4"]
[White "Pedersen, Erik"]
[Black "Nielsen, Jan"]
[Result "1/2-1/2"]
[WhiteElo "2415"]
[BlackElo "2260"]
[PlyCount "35"]
[EventDate "1990.??.??"]
[EventType "tourn"]
[EventRounds "9"]
[EventCountry "DEN"]
[EventCategory "5"]
[SourceTitle "EXT 1998"]
[Source "ChessBase"]
[SourceDate "1997.11.17"]

1. d4 Nf6 2. Nf3 d5 3. g3 g6 4. Bg2 Bg7 5. c4 c6 6. O-O O-O 7. cxd5 cxd5 8. Ne5
e6 9. Nc3 Nfd7 10. f4 Nc6 11. Be3 f6 12. Nf3 Nb6 13. Bf2 Nc4 14. e4 Nxb2 15.
Qc2 Nc4 16. exd5 exd5 17. Nxd5 N6a5 18. Nc3 1/2-1/2

[Event "Internationa A"]
[Site "Aarhus"]
[Date "1990.??.??"]
[Round "9"]
[White "Pedersen, Erik"]
[Black "Rasmussen, Karsten"]
[Result "0-1"]
[WhiteElo "2415"]
[BlackElo "2440"]
[PlyCount "88"]
[EventDate "1990.??.??"]
[EventType "tourn"]
[EventRounds "9"]
[EventCountry "DEN"]
[EventCategory "5"]
[SourceTitle "EXT 1998"]
[Source "ChessBase"]
[SourceDate "1997.11.17"]

1. c4 e5 2. g3 Nc6 3. Bg2 g6 4. Nc3 Bg7 5. Nf3 f5 6. d3 d6 7. O-O Nf6 8. Rb1 a5
9. a3 O-O 10. Bg5 h6 11. Bxf6 Bxf6 12. Nd5 Bg7 13. b4 axb4 14. axb4 Ne7 15. Qb3
g5 16. Nd2 Kh8 17. Ra1 Rxa1 18. Rxa1 e4 19. Ra8 Nxd5 20. cxd5 exd3 21. Qxd3 Qf6
22. b5 Qb2 23. Nb3 f4 24. gxf4 gxf4 25. h3 Qe5 26. Qg6 Bf5 27. Rxf8+ Bxf8 28.
Qf7 Bg7 29. Nd4 Bh7 30. Ne6 Bg8 31. Qxc7 Bf6 32. Qxb7 Qxe2 33. Nxf4 Qe1+ 34.
Bf1 Qe4 35. Nh5 Bd4 36. Qc8 Qf3 37. Qc2 Bxd5 38. Qc8+ Bg8 39. Qc2 Qxh5 40. b6
Qg5+ 41. Bg2 Qe5 42. b7 Ba7 43. Qg6 Qf4 44. Qe8 Bxf2+ 0-1

[Event "Internationa A"]
[Site "Aarhus"]
[Date "1990.??.??"]
[Round "2"]
[White "Pedersen, Erik"]
[Black "Jasnikowski, Zbigniew"]
[Result "0-1"]
[WhiteElo "2415"]
[BlackElo "2445"]
[PlyCount "78"]
[EventDate "1990.??.??"]
[EventType "tourn"]
[EventRounds "9"]
[EventCountry "DEN"]
[EventCategory "5"]
[SourceTitle "EXT 1998"]
[Source "ChessBase"]
[SourceDate "1997.11.17"]

1. c4 e5 2. g3 Nc6 3. Bg2 g6 4. Nc3 Bg7 5. Rb1 a5 6. a3 Nge7 7. b4 axb4 8. axb4
O-O 9. e3 Nf5 10. Nge2 Nce7 11. O-O c6 12. d4 exd4 13. exd4 d5 14. c5 b5 15.
Bf4 h6 16. Be5 Bxe5 17. dxe5 Qc7 18. g4 Nh4 19. Qd4 g5 20. f4 Nxg2 21. Kxg2
Bxg4 22. Ng3 Nf5 23. Qd3 Nh4+ 24. Kh1 Ng6 25. Nf5 Bxf5 26. Qxf5 Rae8 27. Rbe1
Re6 28. fxg5 hxg5 29. Qxg5 Rfe8 30. Rf6 Rxf6 31. Qxf6 Re6 32. Qf3 Rxe5 33. Rg1
Qe7 34. Nd1 Re1 35. Qg4 Qe4+ 36. Qxe4 Rxe4 37. Nf2 Rxb4 38. Nd3 Rc4 39. Ra1 Rc3
0-1

[Event "Internationa A"]
[Site "Aarhus"]
[Date "1990.??.??"]
[Round "8"]
[White "Rasmussen, Karsten"]
[Black "Kroll, Ove"]
[Result "0-1"]
[WhiteElo "2440"]
[BlackElo "2340"]
[PlyCount "74"]
[EventDate "1990.??.??"]
[EventType "tourn"]
[EventRounds "9"]
[EventCountry "DEN"]
[EventCategory "5"]
[SourceTitle "EXT 1998"]
[Source "ChessBase"]
[SourceDate "1997.11.17"]

1. c4 e5 2. g3 Nc6 3. Bg2 d6 4. Nc3 Be6 5. b3 Qd7 6. e3 Nge7 7. Bb2 d5 8. cxd5
Nxd5 9. a3 O-O-O 10. Nge2 Nb6 11. Ne4 Be7 12. f4 f5 13. Nf2 Bd5 14. Bxd5 Qxd5
15. Qc2 g6 16. fxe5 Nxe5 17. O-O-O Rhe8 18. Nf4 Qa5 19. b4 Qb5 20. a4 Qxb4 21.
Bxe5 Bd6 22. N4d3 Qa3+ 23. Bb2 Qa2 24. Rdf1 Ba3 25. Bxa3 Qa1+ 26. Qb1 Qxa3+ 27.
Kd1 Nd5 28. Qc1 Qxa4+ 29. Ke2 f4 30. gxf4 Nxf4+ 31. Nxf4 Qxf4 32. Qc5 b6 33.
Qc3 Rd5 34. Rc1 Rf5 35. Rhf1 Qf3+ 36. Ke1 Rc5 37. Nd1 Rxc3 0-1

[Event "Internationa A"]
[Site "Aarhus"]
[Date "1990.??.??"]
[Round "2"]
[White "Rasmussen, Karsten"]
[Black "Hutters, Tomas"]
[Result "1/2-1/2"]
[WhiteElo "2440"]
[BlackElo "2260"]
[PlyCount "79"]
[EventDate "1990.??.??"]
[EventType "tourn"]
[EventRounds "9"]
[EventCountry "DEN"]
[EventCategory "5"]
[SourceTitle "EXT 1998"]
[Source "ChessBase"]
[SourceDate "1997.11.17"]

1. c4 c5 2. g3 g6 3. Bg2 Bg7 4. Nc3 Nc6 5. a3 a6 6. Rb1 Rb8 7. b4 cxb4 8. axb4
b5 9. cxb5 axb5 10. Nf3 e5 11. d4 exd4 12. Nd5 Nf6 13. Bg5 h6 14. Bxf6 Bxf6 15.
Nxf6+ Qxf6 16. Qd2 O-O 17. Qxh6 d3 18. O-O dxe2 19. Rfe1 Nd4 20. Nxd4 Qxd4 21.
Rxe2 Bb7 22. Rd2 Qc3 23. Bxb7 Rxb7 24. h4 Re8 25. h5 Qg7 26. Qf4 Qe5 27. Qxe5
Rxe5 28. hxg6 fxg6 29. Rbd1 Kf8 30. Rd4 Ke7 31. Kg2 Re6 32. R1d3 Rc6 33. f4 Rc4
34. Kf3 Rxd4 35. Rxd4 Ke6 36. Re4+ Kd5 37. Ke3 Rc7 38. Rd4+ Ke6 39. Re4+ Kd5
40. Rd4+ 1/2-1/2

[Event "Internationa A"]
[Site "Aarhus"]
[Date "1990.??.??"]
[Round "1"]
[White "Rasmussen, Karsten"]
[Black "Beaumont, Chris"]
[Result "1-0"]
[WhiteElo "2440"]
[BlackElo "2380"]
[PlyCount "107"]
[EventDate "1990.??.??"]
[EventType "tourn"]
[EventRounds "9"]
[EventCountry "DEN"]
[EventCategory "5"]
[SourceTitle "EXT 1998"]
[Source "ChessBase"]
[SourceDate "1997.11.17"]

1. c4 c5 2. g3 g6 3. Bg2 Bg7 4. Nc3 Nc6 5. a3 a6 6. Rb1 Rb8 7. b4 cxb4 8. axb4
b5 9. cxb5 axb5 10. Nf3 e5 11. d4 exd4 12. Nd5 Nf6 13. Bg5 h6 14. Bxf6 Bxf6 15.
Nxf6+ Qxf6 16. Qd2 O-O 17. Qxh6 d3 18. O-O dxe2 19. Rfe1 Re8 20. Ng5 Nd4 21.
Bd5 Bb7 22. Bxf7+ Qxf7 23. Nxf7 Nf3+ 24. Kg2 Kxf7 25. Qf4+ Kg7 26. Qxf3 Bxf3+
27. Kxf3 Rbc8 28. Rxe2 Rc3+ 29. Re3 Rexe3+ 30. fxe3 Kf7 31. Rd1 Ke6 32. Rd4 d5
33. h4 Ke5 34. Rg4 Kf6 35. Rg5 d4 36. Rxb5 dxe3 37. Rb6+ Kg7 38. g4 Rb3 39.
Rb7+ Kf6 40. g5+ Ke6 41. Rb6+ Kf7 42. Rf6+ Kg7 43. Rf4 Kg8 44. Ke2 Kg7 45. Re4
Kf7 46. Kd1 Rb2 47. Kc1 Rh2 48. b5 Rh1+ 49. Kc2 e2 50. Rxe2 Rxh4 51. Kc3 Rg4
52. Re5 Rg1 53. Kd4 Rb1 54. Kc5 1-0

[Event "Internationa A"]
[Site "Aarhus"]
[Date "1990.??.??"]
[Round "4"]
[White "Rasmussen, Karsten"]
[Black "Burgess, Graham"]
[Result "1/2-1/2"]
[WhiteElo "2440"]
[BlackElo "2335"]
[PlyCount "54"]
[EventDate "1990.??.??"]
[EventType "tourn"]
[EventRounds "9"]
[EventCountry "DEN"]
[EventCategory "5"]
[SourceTitle "EXT 1998"]
[Source "ChessBase"]
[SourceDate "1997.11.17"]

1. c4 g6 2. g3 Bg7 3. Bg2 Nc6 4. Nc3 d6 5. e3 e5 6. Nge2 h5 7. h4 Nge7 8. d3
Bg4 9. b3 Qd7 10. Bb2 O-O 11. Qd2 a6 12. Nd5 Rab8 13. O-O b5 14. Rac1 Rfc8 15.
Kh2 Nd8 16. f3 Be6 17. e4 c6 18. Nxe7+ Qxe7 19. f4 Bh6 20. c5 Bg4 21. Bf3 dxc5
22. Qc3 Ne6 23. Bxg4 hxg4 24. fxe5 Rd8 25. Rcd1 Nd4 26. Nxd4 cxd4 27. Qc2 Qxe5
1/2-1/2

[Event "Internationa A"]
[Site "Aarhus"]
[Date "1990.??.??"]
[Round "6"]
[White "Rasmussen, Karsten"]
[Black "Rigo, Janos"]
[Result "1-0"]
[WhiteElo "2440"]
[BlackElo "2385"]
[PlyCount "131"]
[EventDate "1990.??.??"]
[EventType "tourn"]
[EventRounds "9"]
[EventCountry "DEN"]
[EventCategory "5"]
[SourceTitle "EXT 1998"]
[Source "ChessBase"]
[SourceDate "1997.11.17"]

1. c4 c5 2. g3 g6 3. Bg2 Bg7 4. Nc3 Nc6 5. a3 Nh6 6. e3 Nf5 7. Nge2 h5 8. h3 d6
9. d3 Bd7 10. Rb1 Rc8 11. b4 cxb4 12. axb4 b6 13. b5 Na5 14. O-O O-O 15. Bb2 e6
16. Kh2 Rc7 17. e4 Ne7 18. f4 Bc8 19. Qd2 f5 20. exf5 Nxf5 21. Ne4 Nb3 22. Qe1
Bxb2 23. Rxb2 Nc5 24. Nc1 Nxe4 25. dxe4 Nd4 26. Qb4 h4 27. g4 g5 28. f5 Qf6 29.
Qxd6 Rd7 30. Qb4 Qe5+ 31. Kh1 exf5 32. exf5 Bb7 33. Qe1 Qf6 34. Bxb7 Rxb7 35.
Qe4 Rd7 36. Ne2 Nf3 37. Qe6+ Qxe6 38. fxe6 Re7 39. Nc3 Rxe6 40. Rbf2 Re1 41.
Rxe1 Nxe1 42. Rxf8+ Kxf8 43. Ne4 Nf3 44. Kg2 Ne5 45. Nxg5 Nxc4 46. Nf3 Nd6 47.
Nd4 Kf7 48. Kf3 Kf6 49. Kf4 Nf7 50. Nf3 Nd6 51. g5+ Ke6 52. Nd4+ Kf7 53. Ke5
Nc4+ 54. Kd5 Nd2 55. Ke5 Nc4+ 56. Kf4 Nd6 57. Kg4 Kg6 58. Kxh4 Ne4 59. Nf3 Kf5
60. Kh5 Kf4 61. g6 Nf6+ 62. Kh6 Kxf3 63. g7 Kf4 64. Kg6 Ng8 65. h4 Ke5 66. Kf7
1-0

[Event "Internationa A"]
[Site "Aarhus"]
[Date "1990.??.??"]
[Round "9"]
[White "Rigo, Janos"]
[Black "Burgess, Graham"]
[Result "0-1"]
[WhiteElo "2385"]
[BlackElo "2335"]
[PlyCount "68"]
[EventDate "1990.??.??"]
[EventType "tourn"]
[EventRounds "9"]
[EventCountry "DEN"]
[EventCategory "5"]
[SourceTitle "EXT 1998"]
[Source "ChessBase"]
[SourceDate "1997.11.17"]

1. e4 Nf6 2. e5 Nd5 3. d4 d6 4. c4 Nb6 5. f4 dxe5 6. fxe5 c5 7. d5 e6 8. Nc3
exd5 9. cxd5 c4 10. Nf3 Bb4 11. Bxc4 Bxc3+ 12. bxc3 Nxc4 13. Qa4+ Nd7 14. Qxc4
Nb6 15. Qb5+ Qd7 16. Qe2 Qxd5 17. O-O O-O 18. Ba3 Re8 19. Rad1 Qc4 20. Qc2 Qg4
21. Rd4 Qg6 22. Qf2 Be6 23. Nh4 Qh5 24. Bd6 Rac8 25. Qg3 Rc4 26. h3 Rec8 27.
Be7 Rxd4 28. cxd4 Kh8 29. Bg5 h6 30. Bd2 Rc2 31. Bb4 Qg5 32. Qxg5 hxg5 33. Nf3
Nd5 34. a3 Ne3 0-1

[Event "Internationa A"]
[Site "Aarhus"]
[Date "1990.??.??"]
[Round "5"]
[White "Rigo, Janos"]
[Black "Pedersen, Erik"]
[Result "0-1"]
[WhiteElo "2385"]
[BlackElo "2415"]
[PlyCount "92"]
[EventDate "1990.??.??"]
[EventType "tourn"]
[EventRounds "9"]
[EventCountry "DEN"]
[EventCategory "5"]
[SourceTitle "EXT 1998"]
[Source "ChessBase"]
[SourceDate "1997.11.17"]

1. e4 c6 2. d4 d5 3. Nc3 dxe4 4. Nxe4 Nf6 5. Nxf6+ gxf6 6. Bc4 Bf5 7. Ne2 Nd7
8. Nf4 e6 9. Qe2 Nb6 10. Bb3 Qxd4 11. Be3 Qxb2 12. O-O O-O-O 13. a4 Qe5 14. a5
Nd5 15. Nxd5 exd5 16. Qd2 d4 17. Bf4 Qc5 18. Bxf7 Bd6 19. Ra4 Be5 20. Bxe5 fxe5
21. Qg5 Bd7 22. Rc4 Qf8 23. Qf6 Rg8 24. a6 Qg7 25. axb7+ Kc7 26. Qf3 Rgf8 27.
Qa3 Qxf7 28. Qa5+ Kd6 29. f4 Qd5 30. Qa3+ c5 31. fxe5+ Qxe5 32. Rd1 Ke6 33.
Qa6+ Kf7 34. Qxa7 Kg8 35. Rxc5 Qe3+ 36. Kh1 Bg4 37. Rb1 Rb8 38. h4 Kh8 39. Rg5
Be6 40. Qc5 Qf4 41. Rh5 Bf5 42. Qe7 Bxc2 43. Re1 Bg6 44. Rhe5 d3 45. h5 d2 46.
Rd1 Rfe8 0-1

[Event "Internationa A"]
[Site "Aarhus"]
[Date "1990.??.??"]
[Round "3"]
[White "Rigo, Janos"]
[Black "Jelling, Erik"]
[Result "0-1"]
[WhiteElo "2385"]
[BlackElo "2355"]
[PlyCount "162"]
[EventDate "1990.??.??"]
[EventType "tourn"]
[EventRounds "9"]
[EventCountry "DEN"]
[EventCategory "5"]
[SourceTitle "EXT 1998"]
[Source "ChessBase"]
[SourceDate "1997.11.17"]

1. e4 c6 2. d4 d5 3. Nc3 dxe4 4. Nxe4 Nf6 5. Nxf6+ exf6 6. Nf3 Bd6 7. Bd3 O-O
8. O-O Re8 9. h3 Nd7 10. Re1 Rxe1+ 11. Qxe1 Nf8 12. c4 Be6 13. Be3 Ng6 14. Rd1
Qc7 15. d5 cxd5 16. Nd4 dxc4 17. Bxg6 hxg6 18. Nb5 Bh2+ 19. Kh1 Qe5 20. Nd4 Bd5
21. Qd2 g5 22. Ne2 Bc6 23. Qd4 Qxd4 24. Nxd4 Be5 25. Nxc6 bxc6 26. Rc1 Rb8 27.
Rxc4 Rxb2 28. Rxc6 Rxa2 29. Rc8+ Kh7 30. g4 a5 31. Ra8 Bd6 32. Ra6 Bb4 33. Rb6
Bd2 34. Bxd2 Rxd2 35. Kg2 Rd5 36. Ra6 f5 37. Ra7 Kg6 38. Ra6+ f6 39. Ra7 fxg4
40. hxg4 Rd4 41. Kg3 Ra4 42. Kf3 Ra1 43. Kg2 a4 44. Kf3 a3 45. Kg2 Kh7 46. Ra8
g6 47. Ra7+ Kg8 48. Kf3 Kf8 49. Ke4 Ke8 50. Ra6 Kd7 51. Kf3 Kc7 52. Rxf6 Kb7
53. Rf7+ Kb6 54. Rf8 Kb5 55. Rb8+ Kc4 56. Rc8+ Kb4 57. Rb8+ Kc3 58. Rc8+ Kd2
59. Rd8+ Ke1 60. Re8+ Kd2 61. Rd8+ Kc2 62. Rc8+ Kb2 63. Rb8+ Ka2 64. Rb5 Rb1
65. Rxg5 Rb3+ 66. Kf4 Rb4+ 67. Kg3 Kb2 68. Ra5 g5 69. Rxg5 a2 70. Ra5 Rb3+ 71.
f3 Ra3 72. Rb5+ Kc3 73. Rc5+ Kd4 74. Rc1 a1=Q 75. Rxa1 Rxa1 76. Kf4 Kd5 77. Kf5
Kd6 78. Kf6 Rf1 79. g5 Rxf3+ 80. Kg7 Ke7 81. g6 Rg3 0-1

[Event "Internationa A"]
[Site "Aarhus"]
[Date "1990.??.??"]
[Round "7"]
[White "Rigo, Janos"]
[Black "Hutters, Tomas"]
[Result "0-1"]
[WhiteElo "2385"]
[BlackElo "2260"]
[PlyCount "118"]
[EventDate "1990.??.??"]
[EventType "tourn"]
[EventRounds "9"]
[EventCountry "DEN"]
[EventCategory "5"]
[SourceTitle "EXT 1998"]
[Source "ChessBase"]
[SourceDate "1997.11.17"]

1. e4 c5 2. Nf3 e6 3. d4 cxd4 4. Nxd4 Nf6 5. Nc3 d6 6. g4 Nc6 7. g5 Nd7 8. Ndb5
Nb6 9. Bf4 Ne5 10. Qe2 a6 11. Rd1 Nbc4 12. Nd4 Nxb2 13. Rb1 Nbc4 14. Bc1 Qa5
15. Rb3 Qc5 16. Nf3 b5 17. Nxe5 dxe5 18. Nd1 Qc7 19. Bg2 Na5 20. Rh3 Nc6 21. c3
Bc5 22. O-O Ne7 23. Nb2 Ng6 24. Nd3 Be7 25. f4 exf4 26. e5 Bb7 27. Nxf4 Nxf4
28. Bxf4 O-O-O 29. Bxb7+ Qxb7 30. c4 Bc5+ 31. Be3 Bxe3+ 32. Rxe3 b4 33. c5 Rd4
34. h3 Rhd8 35. Ref3 R8d7 36. Qf2 Rd2 37. Qe3 Qc7 38. Qe4 Qxc5+ 39. Kh1 Qd5 40.
Qxh7 Rd1 41. Qc2+ Kb8 42. Qxd1 Qxd1 43. Rxd1 Rxd1+ 44. Kg2 Rd7 45. Rf4 Rb7 46.
Kf3 g6 47. h4 a5 48. Ke3 Rd7 49. Rf2 Kb7 50. h5 gxh5 51. Rh2 Kc6 52. Rxh5 Rd5
53. g6 fxg6 54. Rg5 Kc5 55. Ke4 Rd4+ 56. Ke3 Kd5 57. Rxg6 Re4+ 58. Kd3 Rxe5 59.
Rg8 Kc5 0-1